000 01123naa a22003377a 4500
001 BR7806998
003 BR-BrBNA
005 20240918174253.0
007 ta
008 230509b bl.||||| |||| 00| 0 por d
040 _aBR-BrBNA
_bpor
_cBiblioteca Nacional de Agricultura
041 _a(Pt)
072 _aF00
_b0336
_bG514
090 _aF00 BR7806998
100 1 _aGuimaraes, J.A.P.
100 1 _aArantes, N.E
100 1 _aRezende, A.M. de
245 1 _aEstudo das interacoes epoca de plantio, espacamento e cultivares de soja durante dois anos em Uberaba, Minas Gerais [Brasil]
260 3 _aBelo Horizonte, MG (Brasil):
_c1978.
500 _aProjeto soja. Relatorio 75/76 Belo Horizonte, MG (Brasil): 1978. p. 97-113 (BR7806998-AM)F00
650 _aSOJA
650 _aPLANTIO
650 _aESPACAMENTO
650 _aVARIEDADE
650 _aRENDIMENTO
650 _aUBERABA
650 _aMINAS GERAIS
773 0 _tProjeto soja. Relatorio 75/76 [Minas Gerais, Brasil]
_w0336 BR7806987
_gBelo Horizonte, MG (Brasil), 1978.
_q175 p.
909 _a202404
_bLucia
_c55
_dLucia Elande
942 _cAM
_2AGRIS
999 _c310014
_d310014